[Event "FIDE World Bl Team Final"]
[Site "London ENG"]
[Date "2025.06.15"]
[Round "1.2"]
[White "Aronian, Levon"]
[Black "Moussard, Jules"]
[Result "1-0"]
[WhiteTitle "GM"]
[BlackTitle "GM"]
[WhiteElo "2742"]
[BlackElo "2597"]
[WhiteTeam "B2 Hexamind Chess Team"]
[BlackTeam "A3 Knight Dance"]
[WhiteFideId "13300474"]
[BlackFideId "642908"]
[EventDate "2025.06.15"]
[EventType "team-k.o. (blitz)"]

1. e4 c5 2. Nf3 d6 3. Bb5+ Nd7 4. d4 cxd4 5. Qxd4 a6 6. Be2 Ngf6 7. c4 e5 8. Qe3
d5 9. cxd5 Bc5 10. Qd3 Ng4 11. Rf1 Qb6 12. h3 Bxf2+ 13. Kd1 Ne3+ 14. Bxe3 Bxe3
15. Nbd2 Bxd2 16. Qxd2 O-O 17. Rc1 Nf6 18. Bd3 Re8 19. Kc2 Bd7 20. Kb1 h6 21. g4
Nxd5 22. exd5 e4 23. Bc2 exf3 24. Qd3 Qg6 25. Qxf3 f5 26. Bxf5 Bxf5+ 27. Qxf5
Qxf5+ 28. Rxf5 Re7 29. a4 Rd8 30. Rc5 Re3 31. Rc7 Rxh3 32. Rff7 Rxd5 33. Rxg7+
Kf8 34. Rcf7+ Ke8 35. Rxb7 Kf8 36. Rbf7+ Ke8 37. Ra7 Kf8 38. Rgb7 Rd8 39. Rxa6
Rh4 40. Rf6+ Kg8 41. Rg6+ Kf8 42. a5 Ra8 43. a6 Rh1+ 44. Ka2 Rd1 45. Rxh6 Kg8
46. a7 Rdd8 47. Ra6 1-0

[Event "FIDE World Bl Team Final"]
[Site "London ENG"]
[Date "2025.06.15"]
[Round "1.2"]
[White "Van Foreest, Jorden"]
[Black "Murzin, Volodar"]
[Result "1/2-1/2"]
[WhiteTitle "GM"]
[BlackTitle "GM"]
[WhiteElo "2687"]
[BlackElo "2666"]
[WhiteTeam "A3 Knight Dance"]
[BlackTeam "B2 Hexamind Chess Team"]
[WhiteFideId "1039784"]
[BlackFideId "44155573"]
[EventDate "2025.06.15"]
[EventType "team-k.o. (blitz)"]

1. e4 e5 2. Nf3 Nc6 3. Bc4 Nf6 4. d3 Be7 5. O-O O-O 6. Re1 d6 7. c3 Be6 8. Bxe6
fxe6 9. b4 a6 10. a4 h6 11. Nbd2 Qd7 12. Rb1 Rfe8 13. Nf1 b5 14. Ra1 Bf8 15. Ng3
Rad8 16. Bd2 d5 17. axb5 axb5 18. Ra6 Ra8 19. Qa1 Qc8 20. Rxa8 Qxa8 21. Qb2 Qb7
22. Qa2 Ra8 23. Qb3 Qa6 24. exd5 exd5 25. Ne4 Qa2 26. Nxf6+ gxf6 27. Qd1 Qb2 28.
Nh4 Ne7 29. Qg4+ Kh7 30. Nf3 Ra1 31. Qe6 Rxe1+ 32. Bxe1 Kg7 33. h4 Qc1 34. g3 h5
35. Kg2 Qh6 36. Bd2 Qg6 37. Be3 Qf5 38. Qa6 c6 39. d4 e4 40. Ng1 Qd7 41. Nh3 Ng6
42. Qa8 Bd6 43. Qa6 Nxh4+ 44. gxh4 Qg4+ 45. Kf1 Qd1+ 46. Kg2 Qg4+ 47. Kf1 Qxh3+
48. Ke1 Qd7 49. Kd2 f5 50. Bg5 f4 51. Qa8 f3 52. Kc2 Bh2 53. Be3 Bd6 54. Bg5 Bh2
55. Be3 Bd6 1/2-1/2

[Event "FIDE World Bl Team Final"]
[Site "London ENG"]
[Date "2025.06.15"]
[Round "1.2"]
[White "Giri, Anish"]
[Black "Dardha, Daniel"]
[Result "1-0"]
[WhiteTitle "GM"]
[BlackTitle "GM"]
[WhiteElo "2748"]
[BlackElo "2646"]
[WhiteTeam "B2 Hexamind Chess Team"]
[BlackTeam "A3 Knight Dance"]
[WhiteFideId "24116068"]
[BlackFideId "240990"]
[EventDate "2025.06.15"]
[EventType "team-k.o. (blitz)"]

1. e4 c5 2. Nf3 d6 3. Bc4 Nf6 4. d3 g6 5. e5 dxe5 6. Nxe5 e6 7. Bb5+ Bd7 8. Nxd7
Nbxd7 9. O-O Bg7 10. a4 O-O 11. Re1 Nd5 12. Nd2 Qc7 13. Nf3 b6 14. c3 a6 15. Bc4
Qb7 16. Bb3 b5 17. axb5 axb5 18. Rxa8 Rxa8 19. d4 c4 20. Bc2 b4 21. Bd2 bxc3 22.
Bxc3 Qb5 23. h3 N7b6 24. Be4 Rb8 25. Qc2 Qb3 26. Qd2 h6 27. Ra1 Qb5 28. Ra5 Qd7
29. Qd1 Qc7 30. Qd2 Qd7 31. Qd1 Qe7 32. Qd2 Nf6 33. Bc2 Nbd5 34. Ne5 Rc8 35. Qe1
Qd6 36. Ra7 Rf8 37. Nxc4 Qb8 38. Ra3 Nxc3 39. bxc3 Nd5 40. Be4 Nf6 41. Bf3 Qc7
42. Ne5 Nd7 43. Nc6 Qd6 44. Ra7 e5 45. Qe4 exd4 46. Qe7 Qf4 47. Qxd7 Qc1+ 48.
Kh2 Qf4+ 49. Kg1 Qc1+ 50. Kh2 dxc3 51. Ne7+ Kh7 52. Nxg6 Rg8 53. Qxf7 c2 54.
Nf8+ Kh8 55. Ng6+ Kh7 56. Be4 Qg5 57. Ne7+ 1-0

[Event "FIDE World Bl Team Final"]
[Site "London ENG"]
[Date "2025.06.15"]
[Round "1.2"]
[White "Maurizzi, Marc'Andria"]
[Black "Vidit, Santosh Gujrathi"]
[Result "1/2-1/2"]
[WhiteTitle "GM"]
[BlackTitle "GM"]
[WhiteElo "2607"]
[BlackElo "2720"]
[WhiteTeam "A3 Knight Dance"]
[BlackTeam "B2 Hexamind Chess Team"]
[WhiteFideId "36083534"]
[BlackFideId "5029465"]
[EventDate "2025.06.15"]
[EventType "team-k.o. (blitz)"]

1. e4 e5 2. Nf3 Nc6 3. Bc4 Bc5 4. c3 Nf6 5. d3 h6 6. O-O d6 7. Nbd2 O-O 8. Re1
Bb6 9. Nf1 Ng4 10. Re2 Na5 11. Bb5 f5 12. exf5 Bxf5 13. Ng3 Bd7 14. Bxd7 Qxd7
15. d4 exd4 16. cxd4 Nc6 17. h3 Rxf3 18. gxf3 Nf6 19. Kg2 Nxd4 20. Re1 Rf8 21.
Be3 Nd5 22. Qd3 Nxe3+ 23. fxe3 Nxf3 24. Rf1 Nh4+ 25. Kh2 Nf3+ 26. Kg2 Nh4+ 27.
Kh2 Nf3+ 1/2-1/2

[Event "FIDE World Bl Team Final"]
[Site "London ENG"]
[Date "2025.06.15"]
[Round "1.2"]
[White "Divya, Deshmukh"]
[Black "Roebers, Eline"]
[Result "1/2-1/2"]
[WhiteTitle "IM"]
[BlackTitle "IM"]
[WhiteElo "2463"]
[BlackElo "2356"]
[WhiteTeam "B2 Hexamind Chess Team"]
[BlackTeam "A3 Knight Dance"]
[WhiteFideId "35006916"]
[BlackFideId "1058401"]
[EventDate "2025.06.15"]
[EventType "team-k.o. (blitz)"]

1. d4 d6 2. e4 g6 3. Bd3 Bg7 4. c3 e5 5. Ne2 Nc6 6. Be3 Nf6 7. h3 O-O 8. O-O Re8
9. Nd2 d5 10. Bg5 exd4 11. cxd4 dxe4 12. Nxe4 Nxd4 13. N2c3 Ne6 14. Bh4 h6 15.
Re1 g5 16. Bg3 Bd7 17. Nxf6+ Qxf6 18. Be5 Qd8 19. Qh5 Bxe5 20. Rxe5 Qf6 21. Rf5
Qg7 22. Bc4 c6 23. Ne4 Re7 24. Nf6+ Kh8 25. Nxd7 Rxd7 26. Re1 Nf4 27. Qg4 Rad8
28. Rfe5 Qf6 29. h4 Ng6 30. Rf5 Qd4 31. Qxd4+ Rxd4 32. Bxf7 Nxh4 33. Ra5 a6 34.
Ra3 Nf5 35. Bg6 Rd1 36. Rxd1 Rxd1+ 37. Kh2 Nd6 38. Re3 Kg7 39. Bh5 Rd2 40. Re7+
Kf6 41. Rh7 Rxf2 42. Rxh6+ Ke5 43. Rg6 Ne4 44. b3 Rxa2 45. Rg7 b5 46. Be8 c5 47.
Bc6 Nf6 48. Rxg5+ Kf4 49. Rg6 Ng4+ 50. Kh3 Ne5 51. Rd6 c4 52. bxc4 Nxc4 53. Rh6
Kg5 54. Rh8 Ra3+ 55. g3 Ne5 56. Rg8+ Kf6 57. Bd5 b4 58. Rb8 a5 59. Rb5 Ng6 60.
Be4 Ne5 61. Bd5 Nd3 62. Kh4 a4 63. Bc4 Ne5 64. Rxb4 Nxc4 65. Rxc4 Ra2 66. g4 Kg6
67. Rc6+ Kg7 68. Kg5 Rb2 69. Rc7+ Kg8 70. Ra7 Rb6 71. Rxa4 Rc6 72. Ra7 Rb6 73.
Rc7 Ra6 74. Kh5 Rb6 75. g5 Ra6 76. g6 Ra1 77. Kg5 Rg1+ 78. Kf6 Rf1+ 79. Kg5 1/2-1/2

[Event "FIDE World Bl Team Final"]
[Site "London ENG"]
[Date "2025.06.15"]
[Round "1.2"]
[White "Keymer, Vincent"]
[Black "Navara, David"]
[Result "1/2-1/2"]
[WhiteTitle "GM"]
[BlackTitle "GM"]
[WhiteElo "2730"]
[BlackElo "2657"]
[WhiteTeam "C2 Germany and Friends"]
[BlackTeam "D3 Hetman GKS Katowice"]
[WhiteFideId "12940690"]
[BlackFideId "309095"]
[EventDate "2025.06.15"]
[EventType "team-k.o. (blitz)"]

1. c4 Nf6 2. Nf3 e6 3. b3 d5 4. Bb2 c5 5. cxd5 exd5 6. g3 Nc6 7. Bg2 d4 8. O-O
Bd6 9. Na3 O-O 10. e3 Bg4 11. h3 Bh5 12. Nc4 Bc7 13. exd4 cxd4 14. Re1 Nd5 15.
Ba3 Re8 16. Rxe8+ Qxe8 17. Qf1 Qd7 18. Re1 f6 19. Bb2 Nb6 20. Na3 a6 21. Nc2 d3
22. Ne3 Re8 23. Rc1 Bb8 24. Rc3 Rd8 25. Rc5 Bf7 26. Nh4 Nd4 27. Bxd4 Qxd4 28.
Rc3 Qd7 29. Be4 Qe7 30. Rxd3 Re8 31. Bg2 g6 32. Nf3 Rd8 33. Rc3 Nd5 34. Nxd5
Bxd5 35. Re3 Qd7 36. d4 Ba7 37. Rd3 Be4 38. Rd1 Qd5 39. Nh2 Bxg2 40. Qxg2 Qxg2+
41. Kxg2 Rxd4 42. Rxd4 Bxd4 43. Nf3 Bc5 44. Ne1 Kf7 45. Nd3 Bd6 46. Kf3 Ke6 47.
Ke4 Be7 48. Nf4+ Kd6 49. g4 Bd8 50. Nd3 b5 51. f4 a5 52. f5 g5 53. Ne1 Kc5 54.
Nd3+ Kd6 55. Ne1 Kc5 56. Nd3+ Kd6 1/2-1/2

[Event "FIDE World Bl Team Final"]
[Site "London ENG"]
[Date "2025.06.15"]
[Round "1.2"]
[White "Klimkowski, Jan"]
[Black "Svane, Rasmus"]
[Result "0-1"]
[WhiteTitle "GM"]
[BlackTitle "GM"]
[WhiteElo "2508"]
[BlackElo "2626"]
[WhiteTeam "D3 Hetman GKS Katowice"]
[BlackTeam "C2 Germany and Friends"]
[WhiteFideId "21856222"]
[BlackFideId "4657101"]
[EventDate "2025.06.15"]
[EventType "team-k.o. (blitz)"]

1. e4 e5 2. Nf3 Nc6 3. Bc4 Nf6 4. d3 h6 5. c3 Bc5 6. O-O d6 7. b4 Bb6 8. a4 a5
9. b5 Ne7 10. Nbd2 O-O 11. h3 Ng6 12. Bb3 c6 13. Nc4 Bc7 14. Re1 Re8 15. Ne3 d5
16. Nf5 Be6 17. Bc2 Qd7 18. N3h4 dxe4 19. dxe4 Qxd1 20. Rxd1 Nxh4 21. Nxh4 cxb5
22. axb5 Bb6 23. Nf3 Bc4 24. Ba3 Be2 25. Rd6 Bc7 26. Rb1 Bxd6 27. Bxd6 Re6 28.
Bc7 Rc8 29. b6 Bxf3 30. gxf3 Ne8 31. Bb3 Nxc7 32. bxc7 Rg6+ 33. Kf1 Rxc7 34. Bd5
Rxc3 35. f4 exf4 36. Rxb7 Rg5 37. Bxf7+ Kh7 38. h4 Re5 39. h5 Rc6 40. Ra7 f3 41.
Ra8 Rc1# 0-1

[Event "FIDE World Bl Team Final"]
[Site "London ENG"]
[Date "2025.06.15"]
[Round "1.2"]
[White "Bluebaum, Matthias"]
[Black "Seemann, Jakub"]
[Result "1-0"]
[WhiteTitle "GM"]
[BlackTitle "IM"]
[WhiteElo "2663"]
[BlackElo "2450"]
[WhiteTeam "C2 Germany and Friends"]
[BlackTeam "D3 Hetman GKS Katowice"]
[WhiteFideId "24651516"]
[BlackFideId "21874697"]
[EventDate "2025.06.15"]
[EventType "team-k.o. (blitz)"]

1. d4 d5 2. Nf3 Nf6 3. e3 e6 4. Bd3 b6 5. O-O Bb7 6. b3 Bd6 7. c4 O-O 8. cxd5
exd5 9. Ba3 a6 10. Bxd6 Qxd6 11. Nc3 Nbd7 12. Rc1 Rfe8 13. Qe2 c5 14. Rfd1 Qe7
15. h3 g6 16. Qb2 Rac8 17. Ne2 Ne4 18. Nf4 Ndf6 19. Ne5 cxd4 20. exd4 Qb4 21. a3
Qd6 22. Re1 Rxc1 23. Rxc1 Rc8 24. Rxc8+ Bxc8 25. Qc1 Bb7 26. h4 Qe7 27. f3 Nd6
28. g3 Nde8 29. Kf2 Nc7 30. b4 Ne6 31. Nxe6 Qxe6 32. Qc7 Bc8 33. g4 Ne8 34. Qd8
f6 35. Nxg6 hxg6 36. Bxg6 Bd7 37. Bf5 Qd6 38. Kg2 Bb5 39. Qc8 Qf4 40. Qe6+ Kf8
41. Bg6 Nd6 42. h5 Bf1+ 43. Kxf1 Qxf3+ 44. Ke1 Qg3+ 45. Ke2 Qg2+ 46. Kd3 Qf1+
47. Qe2 Qb1+ 48. Ke3 Qg1+ 49. Kf3 Qh1+ 50. Kg3 Qg1+ 51. Kf3 Qxd4 52. Qe6 Qc3+
53. Kg2 Qd2+ 54. Kh3 Qc3+ 55. Kh4 Qe5 56. Qxe5 fxe5 57. Kg5 d4 58. Kf6 e4 59. h6
Kg8 60. g5 d3 61. Ke5 d2 62. Bh5 Nf7+ 63. Kxe4 Nxg5+ 64. Kd3 Kh7 65. Kxd2 Kxh6
66. Be2 b5 67. Ke3 Kg6 68. Kd4 Ne6+ 69. Ke5 Nd8 70. Kd6 Kf5 71. Kc7 Ke4 72. Kxd8
Kd4 73. Kc7 Kc3 74. Kb6 Kb3 75. Kxa6 1-0

[Event "FIDE World Bl Team Final"]
[Site "London ENG"]
[Date "2025.06.15"]
[Round "1.2"]
[White "Cieslak, Patryk"]
[Black "Svane, Frederik"]
[Result "0-1"]
[WhiteTitle "FM"]
[BlackTitle "GM"]
[WhiteElo "2442"]
[BlackElo "2667"]
[WhiteTeam "D3 Hetman GKS Katowice"]
[BlackTeam "C2 Germany and Friends"]
[WhiteFideId "21078882"]
[BlackFideId "12923044"]
[EventDate "2025.06.15"]
[EventType "team-k.o. (blitz)"]

1. d4 Nf6 2. c4 e6 3. Nf3 d5 4. Nc3 Bb4 5. cxd5 exd5 6. Bf4 O-O 7. e3 c5 8. Bd3
c4 9. Bb1 Bg4 10. O-O Re8 11. h3 Bh5 12. g4 Bg6 13. Ne5 Nc6 14. Nxg6 fxg6 15.
Ne2 Bd6 16. Bg5 h6 17. Bxf6 Qxf6 18. Nc3 Ne7 19. Kg2 a6 20. a4 g5 21. Qc2 g6 22.
Qe2 Kg7 23. Bc2 Qe6 24. b3 Rac8 25. bxc4 Rxc4 26. Nd1 Rxd4 27. Rb1 Rb4 28. Rxb4
Bxb4 29. Nb2 Nc6 30. Nd3 Nd4 31. Qd1 Nxc2 32. Qxc2 Bd6 33. Qb2+ Kg8 34. Kg1 Re7
35. Qb6 Bh2+ 0-1

[Event "FIDE World Bl Team Final"]
[Site "London ENG"]
[Date "2025.06.15"]
[Round "1.2"]
[White "Wagner, Dinara"]
[Black "Saduakassova, Dinara"]
[Result "1-0"]
[WhiteTitle "IM"]
[BlackTitle "IM"]
[WhiteElo "2404"]
[BlackElo "2435"]
[WhiteTeam "C2 Germany and Friends"]
[BlackTeam "D3 Hetman GKS Katowice"]
[WhiteFideId "24157570"]
[BlackFideId "13700090"]
[EventDate "2025.06.15"]
[EventType "team-k.o. (blitz)"]

1. d4 Nf6 2. c4 e6 3. Nc3 Bb4 4. e3 d5 5. a3 Bxc3+ 6. bxc3 c5 7. cxd5 exd5 8.
Bd3 Nc6 9. Ne2 O-O 10. O-O b6 11. Ng3 a5 12. f3 Ba6 13. Bb2 Re8 14. Qd2 Bxd3 15.
Qxd3 h5 16. Rae1 g6 17. e4 h4 18. Nh1 cxd4 19. cxd4 Qd7 20. Nf2 Rad8 21. e5 Nh5
22. Ng4 Kg7 23. Bc1 Qf5 24. Bh6+ Kh7 25. Qd2 f6 26. exf6 Nxf6 27. Bg5 Nxg4 28.
Bxd8 Rxd8 29. fxg4 Qxg4 30. Rf7+ Kg8 31. Rf4 Qd7 32. Rxh4 Re8 33. Rf1 Qe6 34.
Qh6 Qe3+ 35. Kh1 Qxh6 36. Rxh6 Kg7 37. Rh4 Re2 38. Rb1 Rd2 39. h3 Nxd4 40. Rxb6
Nf5 41. Rg4 Ne7 42. Rb7 Kf6 43. Rf4+ Ke5 44. Rg4 Kf6 45. Rb6+ Ke5 46. Rb5 a4 47.
Rxa4 Nf5 48. Rg4 Ra2 49. a4 Ra1+ 50. Kh2 Ne3 51. Rxg6 Ke4 52. Re6+ Kd3 53. Rxe3+
Kxe3 54. Rxd5 Rxa4 55. Kg3 Ra8 56. Rf5 Rg8+ 57. Kh2 Ke4 58. Rf2 Ke5 59. h4 Ke6
60. Kh3 Ke5 61. g3 Rg7 62. h5 Rh7 63. Kh4 Ra7 64. g4 Ke6 65. h6 Ra5 66. g5 Ra4+
67. Kh5 Ra8 68. h7 1-0

[Event "FIDE World Bl Team Final"]
[Site "London ENG"]
[Date "2025.06.15"]
[Round "1.2"]
[White "Smolinski, Wojciech"]
[Black "Lobkin, Bohdan"]
[Result "0-1"]
[WhiteElo "1987"]
[BlackElo "1900"]
[WhiteTeam "D3 Hetman GKS Katowice"]
[BlackTeam "C2 Germany and Friends"]
[WhiteFideId "21088683"]
[BlackFideId "34115552"]
[EventDate "2025.06.15"]
[EventType "team-k.o. (blitz)"]

1. e4 c5 2. Nf3 Nc6 3. d4 cxd4 4. Nxd4 Qb6 5. Nb3 g6 6. Nc3 Bg7 7. Be3 Qb4 8.
Qd3 Ne5 9. Qb5 Nf3+ 10. gxf3 Bxc3+ 11. bxc3 Qxc3+ 12. Kd1 Nf6 13. Qc5 Qxc5 14.
Bxc5 Nh5 15. Be3 O-O 16. Bc4 d6 17. Bg5 e5 18. Ke2 a5 19. a4 Kg7 20. Rad1 Bh3
21. Ke3 f6 22. Bh4 Nf4 23. Bg3 Rfc8 24. Bd3 Ne6 25. Rd2 f5 26. exf5 gxf5 27. f4
e4 28. Bf1 Bg4 29. Rxd6 Kf6 30. Bh4+ Kf7 31. Rd7+ Kg6 32. c4 h6 33. Rg1 Kh5 34.
Bg3 b5 35. Rd6 bxc4 36. Rxe6 cxb3 37. Rb6 Rc3+ 38. Kd2 Rac8 39. Bb5 Rc2+ 40. Ke3
Rd8 41. Ba6 Rc3+ 0-1

[Event "FIDE World Bl Team Final"]
[Site "London ENG"]
[Date "2025.06.15"]
[Round "1.2"]
[White "Grischuk, Alexander"]
[Black "Samadov, Read"]
[Result "0-1"]
[WhiteTitle "GM"]
[BlackTitle "IM"]
[WhiteElo "2667"]
[BlackElo "2522"]
[WhiteTeam "D2 KazChess"]
[BlackTeam "C3 Rookies"]
[WhiteFideId "4126025"]
[BlackFideId "13417444"]
[EventDate "2025.06.15"]
[EventType "team-k.o. (blitz)"]

1. e4 c5 2. Nf3 d6 3. d4 cxd4 4. Nxd4 Nf6 5. Nc3 a6 6. Bg5 e6 7. f4 h6 8. Bh4
Qb6 9. a3 Nbd7 10. Bf2 Qc7 11. Qf3 b5 12. O-O-O Rb8 13. g4 b4 14. axb4 Rxb4 15.
h4 e5 16. Nf5 Bb7 17. Bd3 Nc5 18. Rhe1 Qa5 19. Bxc5 Qxc5 20. g5 Nd7 21. gxh6 g6
22. Ng7+ Bxg7 23. hxg7 Rg8 24. h5 Rxg7 25. hxg6 Rxg6 26. Qh3 Nf6 27. Nd5 Bxd5
28. exd5 e4 29. Bxe4 Rxe4 30. Rxe4+ Nxe4 31. Qh8+ Ke7 32. Qh4+ Kd7 33. Qh3+ Kc7
34. Qf5 Qe3+ 35. Kb1 Rf6 36. Qh7 Rxf4 37. c3 Qe2 38. Rc1 Rf2 0-1

[Event "FIDE World Bl Team Final"]
[Site "London ENG"]
[Date "2025.06.15"]
[Round "1.2"]
[White "Sapenov, Daniyal"]
[Black "Rapport, Richard"]
[Result "1-0"]
[WhiteTitle "IM"]
[BlackTitle "GM"]
[WhiteElo "2405"]
[BlackElo "2714"]
[WhiteTeam "C3 Rookies"]
[BlackTeam "D2 KazChess"]
[WhiteFideId "13728911"]
[BlackFideId "738590"]
[EventDate "2025.06.15"]
[EventType "team-k.o. (blitz)"]

1. e4 Nf6 2. e5 Nd5 3. Nf3 d6 4. d4 dxe5 5. Nxe5 c6 6. c3 Nd7 7. Nf3 N7f6 8. Bd3
Bg4 9. h3 Bh5 10. O-O e6 11. Re1 Bd6 12. Nbd2 b5 13. Ne4 Nxe4 14. Bxe4 O-O 15.
Qd3 Bg6 16. Bxg6 hxg6 17. Bg5 Qc7 18. Rac1 Rab8 19. b3 Ba3 20. Rcd1 Qa5 21. Bd2
Qa6 22. Ne5 Rbd8 23. Qf3 Bd6 24. c4 Ne7 25. Qc3 Nf5 26. Bf4 bxc4 27. bxc4 Bc7
28. Nxg6 Ba5 29. Qa3 fxg6 30. Bc7 Qxc4 31. Qxa5 Rxd4 32. Qxa7 Rxd1 33. Rxd1 Rf7
34. Qb8+ Kh7 35. Be5 Qxa2 36. Rd8 g5 37. Rh8+ Kg6 38. Qg8 Nh6 39. Qh7+ Kh5 40.
g4+ 1-0

[Event "FIDE World Bl Team Final"]
[Site "London ENG"]
[Date "2025.06.15"]
[Round "1.2"]
[White "Esipenko, Andrey"]
[Black "Nurman, Alua"]
[Result "1-0"]
[WhiteTitle "GM"]
[BlackTitle "WGM"]
[WhiteElo "2689"]
[BlackElo "2339"]
[WhiteTeam "D2 KazChess"]
[BlackTeam "C3 Rookies"]
[WhiteFideId "24175439"]
[BlackFideId "13729390"]
[EventDate "2025.06.15"]
[EventType "team-k.o. (blitz)"]

1. d4 Nf6 2. Nf3 g6 3. g3 Bg7 4. Bg2 O-O 5. O-O d6 6. Nc3 Nbd7 7. a4 e5 8. a5 a6
9. e4 Re8 10. Re1 c6 11. h3 Qc7 12. Be3 b5 13. axb6 Nxb6 14. dxe5 dxe5 15. Nd2
Be6 16. Qe2 a5 17. Nb3 Nc4 18. Nc5 Nxe3 19. Nxe6 Rxe6 20. Qxe3 Bf8 21. Red1 Ree8
22. Bf1 Nd7 23. Na4 Qa7 24. Qf3 Nc5 25. Bc4 Nxa4 26. Rxa4 Qc7 27. Bb3 Bg7 28.
Rc4 Rad8 29. Rxd8 Rxd8 30. Ba4 Rd6 31. Qc3 Qd7 32. Kg2 Rd4 33. Bxc6 Rxc4 34.
Qxc4 Qc7 35. Qa4 Bf8 36. Qb5 h5 37. h4 Bd6 38. c3 Kg7 39. Qd5 Qb8 40. b3 Qc7 41.
Qc4 Be7 42. Qb5 Qd6 43. Bd5 Qc5 44. Qe8 Bf8 45. Qxf7+ Kh6 46. c4 Bg7 47. Qe6 Qf8
48. Qa6 Qf6 49. Qxa5 Qd6 50. c5 Qf8 51. Qd2+ Kh7 52. b4 Qb8 53. Qc3 Qb5 54. c6
Qb8 55. c7 Qc8 56. b5 1-0

[Event "FIDE World Bl Team Final"]
[Site "London ENG"]
[Date "2025.06.15"]
[Round "1.2"]
[White "Suleimen, Ergali"]
[Black "Ansat, Aldiyar"]
[Result "1-0"]
[WhiteTitle "FM"]
[BlackTitle "IM"]
[WhiteElo "2302"]
[BlackElo "2489"]
[WhiteTeam "C3 Rookies"]
[BlackTeam "D2 KazChess"]
[WhiteFideId "13724452"]
[BlackFideId "13715658"]
[EventDate "2025.06.15"]
[EventType "team-k.o. (blitz)"]

1. e4 c5 2. Nf3 Nc6 3. d4 cxd4 4. Nxd4 Nf6 5. Nc3 e5 6. Ndb5 d6 7. Bg5 a6 8. Na3
b5 9. Nd5 Be7 10. Bxf6 Bxf6 11. c4 b4 12. Nc2 O-O 13. g3 a5 14. h4 Be6 15. Qd3
Bxd5 16. cxd5 Nb8 17. Ne3 Nd7 18. Rc1 Nc5 19. Rxc5 dxc5 20. Nc4 Qc7 21. Bh3 Rad8
22. O-O Be7 23. h5 Bd6 24. Qe3 a4 25. Rc1 Be7 26. Kg2 h6 27. Rd1 Bg5 28. Qe2 Qa7
29. d6 Qb7 30. Kg1 Qb5 31. d7 Be7 32. Rd5 Qc6 33. Nxe5 Qc7 34. Qb5 Bd6 35. Nc6
Bxg3 36. Nxd8 Bxf2+ 37. Kxf2 Qf4+ 38. Kg1 Qe3+ 39. Kh1 Qxe4+ 40. Bg2 Qh4+ 41.
Kg1 Rxd8 42. Qe2 Qf6 43. Qe8+ Kh7 44. Qe4+ Kh8 45. Qe5 Qb6 46. Qe8+ Kh7 47. Be4+ 1-0

[Event "FIDE World Bl Team Final"]
[Site "London ENG"]
[Date "2025.06.15"]
[Round "1.2"]
[White "Kaliakhmet, Elnaz"]
[Black "Nurgaliyeva, Zarina"]
[Result "0-1"]
[WhiteTitle "WFM"]
[BlackTitle "WFM"]
[WhiteElo "2218"]
[BlackElo "2252"]
[WhiteTeam "D2 KazChess"]
[BlackTeam "C3 Rookies"]
[WhiteFideId "13730169"]
[BlackFideId "13730096"]
[EventDate "2025.06.15"]
[EventType "team-k.o. (blitz)"]

1. d4 Nf6 2. c4 e6 3. Nf3 Bb4+ 4. Bd2 Qe7 5. Nc3 O-O 6. g3 d6 7. a3 Bxc3 8. Bxc3
Ne4 9. Qd3 Nxc3 10. Qxc3 Nd7 11. Bg2 e5 12. O-O Re8 13. e3 Nf6 14. b4 Bg4 15. h3
Bd7 16. Rac1 Rab8 17. c5 Bc6 18. Qb2 a6 19. Rfd1 h6 20. Qb3 Bd5 21. Qc2 Qe6 22.
Qc3 Bxf3 23. Bxf3 Qxh3 24. cxd6 cxd6 25. dxe5 dxe5 26. Qc7 e4 27. Bg2 Qh5 28.
Rc5 Qxd1+ 29. Bf1 Rbd8 30. Rc1 Qf3 31. Bg2 Qh5 32. Qxb7 Rd1+ 33. Rxd1 Qxd1+ 34.
Bf1 Rd8 35. Qxa6 Qf3 36. Qe2 Qxe2 37. Bxe2 Ra8 38. b5 Rxa3 39. Bc4 Rc3 40. Be2
Nd5 0-1

[Event "FIDE World Bl Team Final"]
[Site "London ENG"]
[Date "2025.06.15"]
[Round "1.2"]
[White "Dauren, Darmen"]
[Black "Aiten, Islam"]
[Result "1-0"]
[WhiteElo "2008"]
[BlackElo "1950"]
[WhiteTeam "C3 Rookies"]
[BlackTeam "D2 KazChess"]
[WhiteFideId "13755579"]
[BlackFideId "13749420"]
[EventDate "2025.06.15"]
[EventType "team-k.o. (blitz)"]

1. d4 Nf6 2. Bg5 Ne4 3. Bf4 d5 4. Nd2 Nd6 5. e3 b6 6. Ngf3 Bb7 7. Bd3 e6 8. O-O
Be7 9. c3 Nd7 10. Ne5 Nf6 11. h3 O-O 12. Re1 c5 13. Rc1 c4 14. Bc2 b5 15. a3
Nfe4 16. Nef3 h6 17. Bxd6 Bxd6 18. Nxe4 dxe4 19. Nd2 f5 20. Qh5 Kh7 21. Kh1 g6
22. Qe2 Qh4 23. Qf1 a5 24. g3 Qe7 25. Kg1 h5 26. h4 g5 27. hxg5 Qxg5 28. Qh3 Qg4
29. Qxg4 hxg4 30. Kg2 Kg7 31. Rh1 Rh8 32. Rxh8 Rxh8 33. a4 Bc6 34. axb5 Bxb5 35.
Rh1 Rb8 36. Ra1 Bc7 37. Ra2 Ba6 38. Ba4 Kf7 39. Bd1 Ke7 40. Be2 Kd6 41. Bxc4
Bxc4 42. Nxc4+ Kd5 43. Nd2 Ra8 44. Ra4 Bd6 45. b4 Bc7 46. c4+ Kc6 47. Nb3 Rb8
48. b5+ Kd7 49. Nc5+ Kd6 50. Na6 Ra8 51. Kf1 Bd8 52. Ke2 Rc8 53. Nc5 Bb6 54. Nb3
Bd8 55. Kd2 Ra8 56. Kc3 Bc7 57. b6 Bd8 58. Rxa5 Rxa5 59. Nxa5 e5 1-0

[Event "FIDE World Bl Team Final"]
[Site "London ENG"]
[Date "2025.06.15"]
[Round "1.3"]
[White "Nihal, Sarin"]
[Black "Martinez Alcantara, Jose Eduardo"]
[Result "1-0"]
[WhiteTitle "GM"]
[BlackTitle "GM"]
[WhiteElo "2696"]
[BlackElo "2611"]
[WhiteTeam "A2 Ashdod Elit Chess Club"]
[BlackTeam "B3 Theme International Trading"]
[WhiteFideId "25092340"]
[BlackFideId "3805662"]
[EventDate "2025.06.15"]
[EventType "team-k.o. (blitz)"]

1. e4 e5 2. Nf3 Nc6 3. Bc4 Bc5 4. d3 Nf6 5. O-O d6 6. c3 h6 7. Re1 a5 8. Nbd2
O-O 9. h3 Be6 10. Bb5 Ba7 11. Nf1 Ne7 12. d4 Ng6 13. Ng3 c6 14. Bd3 Re8 15. Be3
c5 16. dxe5 dxe5 17. Bb5 Rf8 18. a4 Qc7 19. Qc2 c4 20. Bxa7 Rxa7 21. Rad1 Raa8
22. Nf5 Nf4 23. Ne3 Rad8 24. Rxd8 Rxd8 25. Rd1 Rc8 26. Nd2 Rd8 27. Bxc4 Bxc4 28.
Ndxc4 Rxd1+ 29. Qxd1 Nxe4 30. h4 Nc5 31. b4 axb4 32. cxb4 Ncd3 33. b5 Qc5 34.
Qf3 Qd4 35. Kh2 e4 36. Qg4 Qf6 37. Qg3 Ne2 38. Ng4 Qd8 39. Nxh6+ Kh7 40. Nxf7
Qd4 41. Ng5+ Kh6 42. Qd6+ Qxd6+ 43. Nxd6 Nc3 44. Ngxe4 Nxa4 45. Nxb7 Kg6 46. g4
Ne5 47. Kg3 Nc4 48. Nbd6 Ncb6 49. f4 Nd5 50. f5+ Kh6 51. Nf7+ Kh7 52. Nfg5+ Kg8
53. Ne6 Nab6 54. h5 Nd7 55. Nf4 Nc7 56. Nc3 Ne5 57. b6 Na6 58. Nfd5 1-0